LEADER 01061nam a2200265 i 4500 001 000000142148 003 CaOOAMICUS 005 20050830000000.0 008 050830s1978 it u000 u ita u 013 $a117343 040 $aSeMil$bita 100 1 $aBianchi, Giovanni,$d<1939-2017>.$0(OLS)http://semarc/name/90626 245 10$aStoria del movimento operaio italiano /$cGiovanni Bianchi ; Alberto Cadioli. 260 $aRoma :$bBorla,$cstampa 1978. 300 $a250 p. ;$c22 cm. 490 0 $aGuide storiche 500 $aContiene : [1] Appendice. 650 4$aMovimento operaio - Italia.$0(OLS)http://semarc/subject/15175 700 1 $aCadioli, Alberto.$0(OLS)http://semarc/name/6887 830 0$aGuide storiche.$0(OLS)http://semarc/title/18671 850 $aSeMil 852 $aSeMil$W1$xVenegono$y1$m3N II 514$j95336$B95336$CSeMilBibl$Z2$F106146 $81 961 $aLascito: Fusetti don Franco 996 $6245$aStoria del movimento operaio italiano$9(OLS)http://semarc/title/207796 996 $6260$aRoma :$bBorla$9(OLS)http://semarc/publisher/29677 LEADER 01126nam a2200253 4500 001 000000330709 003 CaOOAMICUS 005 20181015000000.0 008 181015s1997 it 000 u ita r 020 $a88-215-3446-4 040 $aSeMil$bita 100 1 $aChiusano, Italo Alighiero,$d<1926-1995>.$0(OLS)http://semarc/name/2997 245 10$aConsideratemi un sogno :$bKafka e Kolbe in due testi teatrali /$cItalo Alighiero Chiusano ; a cura di Gian Filippo Belardo. 264 1$aCinisello Balsamo :$bSan Paolo,$c1997. 300 $a123 p. ;$c18 cm 490 1 $aPinnacoli ;$v12 700 1 $aBelardo, Gian Filippo,$ecuratore.$0(OLS)http://semarc/name/108294 830 0$aPinnacoli ;$v12.$0(OLS)http://semarc/title/8032 850 $aSeMil 852 $aSeMil$W1$xVenegono$y1$m1W I 351$j210785$B224567$CSeMilBibl$Z2$F224567 $81 996 $6020$a88-215-3446-4$9(OLS)http://semarc/number/285377 996 $6245$aConsideratemi un sogno :$bKafka e Kolbe in due testi teatrali$9(OLS)http://semarc/title/419209 996 $6264$aCinisello Balsamo :$bSan Paolo$9(OLS)http://semarc/publisher/30129 LEADER 01398nam a2200181 i 4500 001 000000255209 003 CaOOAMICUS 005 20170731000000.0 008 170731s1793 it u000 u fre u 013 $a234114 040 $aSeMil$bita 245 10$aVocabulaire technique, ou Dictionnaire raisonne de tous les termes usites dans les arts et metiers. Tome cinquieme, servant de suite au Dictionnaire des arts et metiers. Par M. l'abbe Jaubert, del l'Academie Roya [!] des Sciences de Bordeaux. 300 $aviii, 456 p. 500 $aSegn.: pg4 A-2E8 2F4. 773 0 $tDictionnaire raisonné universel des arts et métiers, contenant l'histoire, la description, la police des fabriques et manifactures de France & des pays étrangers: ouvrage utile a tous les citoyens ... Tome 1. [-5.].$bNouvelle edition, corrigee et considerablement augmentee d'apres les Memoires et le Procedes des artistes; revue et mise en ordre par M. l'abbe Jauber.$dA Paris : Chez les Libraires Associés, 1793.$g5$w()5798 850 $aSeMil 852 $aSeMil$W1$xVenegono$y1$m3XD III 13 FA$j205555$B205555$CSeMilBibl$Z2$F218880 $8I 996 $6245$aVocabulaire technique, ou Dictionnaire raisonne de tous les termes usites dans les arts et metiers. Tome cinquieme, servant de suite au Dictionnaire des arts et metiers. Par M. l'abbe Jaubert, del l'Academie Roya [!] des Sciences de Bordeaux$9(OLS)http://semarc/title/411521 LEADER 00908nam a2200229 i 4500 001 000000222215 003 CaOOAMICUS 005 20130904000000.0 008 130904s2010 it u000 u ita u 013 $a201112 020 $a978-88-7653-650-2 040 $aSeMil$bita 245 10$aParole del centenario :$b1909-2009. 260 $aRoma :$bGregorian & Biblical Press,$c2010. 300 $a102 p. ;$c21 cm. 650 4$aPontificio Istituto Biblico - Storia - 1909-2009.$0(OLS)http://semarc/subject/33503 850 $aSeMil 852 $aSeMil$W1$xVenegono$y1$m3C II 75$j172561$B172561$CSeMilBibl$Z2$F185317 $81 961 $aLascito: Martini Card. Carlo Maria 996 $6020$a978-88-7653-650-2$9(OLS)http://semarc/number/221660 996 $6245$aParole del centenario :$b1909-2009$9(OLS)http://semarc/title/318539 996 $6260$aRoma :$bGregorian & Biblical Press$9(OLS)http://semarc/publisher/49590 LEADER 01533nam a2200205 i 4500 001 000000024256 003 CaOOAMICUS 005 20180830125446.0 008 180830n it u000 u ita u 040 $aSeMil$bita 245 10$a[Miscellanea :$b16]. 300 $a1 v. ;$c18 cm. 500 $aTitolo assegnato sul dorso della legatura. - Raccoglie volumi del 18. e inizio 19. sec. di differenti argomenti rilegati insieme. 774 0 $aMuzzarelli, Alfonso <1749-1813>$tGregorio 7. Opuscolo del can.co Alfonso conte Muzzarelli.$din Fuligno : per Gio. Tomassini stamp. vescov., 1789.$w()197203 774 0 $tRiflessioni intorno alla Setta de' Liberi Muratori.$w()197209 774 0 $aMuzzarelli, Alfonso <1749-1813>$tSupplica del pievano di campagna aggiunta alla sua lettera scritta a monsignor vescovo di Pistoja.$w()197215 774 0 $tSaggio di alcume massime dottrine e costumanze introdotte in questi ultimi tempi nella Diocesi di Prato e Pistoja in Toscana esteso da un'autorevole persona ... pubblicato da un amante della religione cattolica.$w()197224 774 0 $aIsotta, Giuseppe Maria <1732-1794>$tConsiderazioni sul nuovo sinodo di Pistoja, e Prato pubblicato nel 1788. Fatte da un paroco della stessa diocesi.$w()197235 774 0 $aMelano, Vittorio Filippo <1733-1813>$tIstruzione pastorale sopra la coscrizione militare pubblicata dall'arcivescovo Vittorio Filippo Melano vescovo di Novara.$dNovara : nella Stamperia di Giuseppe Rasario, 1807.$w()197239 996 $6245$a[Miscellanea :$b16]$9(OLS)http://semarc/title/32562 LEADER 01488nam a2200301 i 4500 001 000000073413 003 CaOOAMICUS 005 20090630000000.0 008 090630s1971 be u000 u fre u 013 $a44585 040 $aSeMil$bita 245 10$aTrois commentaires anonymes sur le Traité de l'âme d'Aristote /$c[publié par] Maurice Giele, Fernand van Steenberghen, Bernard Bazán. 260 $aParis :$bBéatrice-Nauwelaerts,$c1971. 260 $aLouvain :$bPublications universitaires,$c1971. 300 $a527 p. ;$c25 cm. 490 0 $aPhilosophes médiévaux ;$v11 650 4$aAristotele <384-322 a.C.> . De anima.$0(OLS)http://semarc/subject/1166 650 4$aAverroismo.$0(OLS)http://semarc/subject/14846 650 4$aPsicologia - Sec. 12.$0(OLS)http://semarc/subject/14885 700 1 $aGiele, Maurice.$0(OLS)http://semarc/name/36310 700 1 $aBazán, Bernard.$0(OLS)http://semarc/name/36311 700 1 $aVan Steenberghen, Fernand,$d<1904-1993>.$0(OLS)http://semarc/name/9643 830 0$aPhilosophes médiévaux ;$v11.$0(OLS)http://semarc/title/8155 850 $aSeMil 852 $aSeMil$W1$xVenegono$y1$m2Q V 155$j39565$B39565$CSeMilBibl$Z2$F39569 $81 996 $6245$aTrois commentaires anonymes sur le Traité de l'âme d'Aristote$9(OLS)http://semarc/title/118538 996 $6260$aLouvain :$bPublications universitaires$9(OLS)http://semarc/publisher/34046 996 $6260$aParis :$bBéatrice-Nauwelaerts$9(OLS)http://semarc/publisher/32492 LEADER 01433nam a2200325 i 4500 001 000000101746 003 CaOOAMICUS 005 20190503145502.0 008 180830s1992 it u000 u ita u 013 $a73898 020 $a88-04-36147-6 040 $aSeMil$bita 100 1 $aLagerkvist, Pär,$d<1891-1974>.$0(OLS)http://semarc/name/35384 245 10$aOspite della realtà ; Il sorriso eterno /$cPär Lagerkvist ; traduzione di Giacomo Prampolini ; introduzione di Fulvio Ferrari. 246 0 $aGäst hos verkligheten 246 0 $aDet eviga leendet 260 $aMilano :$bMondadori,$c1992. 300 $a207 p. ;$c19 cm 490 0 $aOscar narrativa ;$v1242 700 1 $aFerrari, Fulvio,$d<1955- >.$0(OLS)http://semarc/name/43709 700 1 $aPrampolini, Giacomo,$d<1898-1975>.$0(OLS)http://semarc/name/9361 830 0$aOscar narrativa ;$v1242.$0(OLS)http://semarc/title/423001 850 $aSeMil 852 $aSeMil$W1$xVenegono$y1$m1V VI 297$j212485$B225672$CSeMilBibl$Z2$F225672 $81 996 $6020$a88-04-36147-6$9(OLS)http://semarc/number/285369 996 $6245$aOspite della realtà ; Il sorriso eterno$9(OLS)http://semarc/title/148568 996 $6246$aGäst hos verkligheten$9(OLS)http://semarc/title/419180 996 $6246$aDet eviga leendet $9(OLS)http://semarc/title/419179 996 $6260$aMilano :$bMondadori$9(OLS)http://semarc/publisher/30335